Регионална библиотека "Любен Каравелов" - Русе

2 Konzerti Für Drei Cembali Und Streichorchester D-Moll BWV 1063, C-dur BWV 1064 (Запис номер 517808)

MARC детайли
000 -Лидер
Лидер 01454njm a2200289 a 4500
003 - Код на организацията, давaща контролен номер
Код на организацията, даваща контролен номер BLK
005 - Дата и час на последна редакция
Дата и час на последна редакция 20250301005542.0
007 - Фиксирано поле за физическо описани
Физическо описание s| ammalaaahaa
008 - Елементи от данни с фиксирана дължина
Елементи с фиксирана дължина 221104b bu |||||s|||| 00| | bu d
028 ## - PUBLISHER NUMBER
Издателски номер 820704
040 ## - Източник на каталожния запис
Код на библиотеката BLK
041 ## - Код за език
Език на записа Немски
Език за КДБФ Немски
080 ## - УДК
УДК текст Концерт за клавесин и оркестър
УДК код 785.6:786.1
УДК – код + определител 785.6:786.1
080 ## - УДК
УДК текст Струнни инструменти
УДК код 787.1/.4
УДК – код + определител 787.1/.4
100 ## - Редна дума - Автор
R(LIN) 387466
Автор Bach, Johann Sebastian
245 ## - Сведения за заглавието
Заглавие 2 Konzerti Für Drei Cembali Und Streichorchester D-Moll BWV 1063, C-dur BWV 1064
Авторска отговорност Johann Sebastian Bach
260 ## - Област на издателските данни
9 (RLIN) 210744
Място на издаване Berlin
Име на издателя Deutsche Schallplatten
Година на издаване 1967
300 ## - Физическа характеристика
Брой страници 1 грамофонна плоча
Илюстрации 33 об/мин, моно
Размер 30 см
380 ## - Жанр
Жанр Изкуство
490 ## - СЕРИИ (Колекции)
Серия Eterna
9 (RLIN) 493861
500 ## - Общи забележки
Обща забележка A1 (Allegro) <br/>A2 Alla Siciliana <br/>A3 Allegro<br/>B1 Allegro <br/>B2 Adagio <br/>B3 Allegro
511 ## - Забележка за участници или изпълнители
Забележка за участници Konzert Für 3 Cembali Und Streichorchester D-Moll BWV 1063<br/>Harpsichord [Cembalo III] – Isolde Ahlgrimm<br/>Harpsichord [Cembalo II] – Zuzana Růžičková<br/>Harpsichord [Cembalo I] – Hans Pischner<br/>Konzert Für 3 Cembali Und Streichorchester C-Dur BWV 1064<br/>Harpsichord [Cembalo III] – Zuzana Růžičková<br/>Harpsichord [Cembalo II] – Hans Pischner<br/>Harpsichord [Cembalo I] – Isolde Ahlgrimm<br/>
852 ## - Местоположение
Сигнатура (форматна) Ф ІІ 1644
Отдел Хранилище
856 ## - Електронен адрес и достъп
Инструкция (цена за достъп) 0.00
Права за достъп disable
942 ## - АРТИКУЛИ
Вид на библиотечния документ Грамофонни плочи
Скрит в OPAC Не
944 ## - СЪЗДАВАНЕ И РЕДАКЦИЯ на ЗАПИСА
Дата на регистрацията/редакция Виолета Тройчева
Служител, извършил регистрацията/редакцията
Статус, дата на статуса CRON CRON
Създаване/Редакция
999 ## - СИСТЕМНИ КОНТРОЛНИ НОМЕРА
Koha biblionumber 517808
Koha biblioitemnumber 517808
Наличности
Код за отписване Код за изгубен артикул Източник на класификационната схема Код за повреда Код за отдаване Артикулен № Име на библиотеката - собственик Име на библиотеката, в която се намира в момента Статус (Текущо местоположение) Дата на вписване в системата Местоположение - отдел Цена в лева Инвентарен номер Систематично азбучна сигнатура Баркод Цена в евро Служебен тип на артикула
  Не е изгубен Universal Decimal Classification Не е повреден ползва се в читалня 950187 Регионална библиотека "Любен Каравелов" Русе Регионална библиотека "Любен Каравелов" Русе Хранилище 2024-10-01 Основен фонд - ползва се само за читалня 5.00 4915 Ф ІІ 1644 900000107418 2.56 Грамофонни плочи
Vip Innovations Ltd, Rousse, Bulgaria 2025